000 00696nam a2200241 a 4500
001 54557
003 BD-RjUL
005 20211209080134.0
008 161107s1979 nyua 001 0 eng
020 _a0070293104 :
035 _a(BD-RjUL)54679
040 _aDLC
_cDLC
_dBD-RjUL
_beng
041 _aeng
082 0 0 _a510
_223
_bHOF 1979
100 1 _a Hoffmann, Laurence D.
_9162739
245 1 0 _aFinite mathematics with applications /
_cLaurence D. Hoffmann ; Michael Orkin
260 _aNew York :
_bMcGraw-Hill,
_c1979
300 _aviii, 295 p. :
_bill. ;
_c24 cm.
500 _aIncludes Index.
650 0 _aMathematics.
_9162740
700 _aOrkin, Michael
_9162741
942 _2ddc
_cBK
999 _c54557
_d54557